Pays hôtes des Jeux olympiques d'hiver - Carte quiz - Statistiques

Statistiques générales
  • Ce quiz a été pris 68 fois
  • Le résultat moyen est 13 sur 13
Réponses sur la Carte
Les réponses sont colorées sur une échelle allant du rouge au vert en fonction du pourcentage des utilisateurs qui les ont devinées à leur premier essai. Vous pouvez retrouver ces pourcentages ci-dessous.
 
Statistiques - réponses
Année Pays % Correct
1936 Allemagne
100%
19882010 Canada
100%
2022 Chine
100%
19321960
1980 2002
États-Unis
100%
19241968 1992 France
100%
19562006 Italie
100%
19521994 Norvège
100%
2018 Corée du Sud
99%
19721998 Japon
99%
2014 Russie
99%
19281948 Suisse
99%
19641976 Autriche
94%
1984 Bosnie-Herzégovine
82%
Aucun quiz correspondant
Distribution des résultats
% des personnes avec chaque résultat
Percentile par nombre de réponses
Votre historique - résultats
Vous n’avez pas pris ce quiz